Humen security in pakistan (Record no. 15909)

000 -LEADER
fixed length control field 01941nmm a2200205 a 4500
001 - CONTROL NUMBER
control field ASINB00CIAUFGE
005 - DATE AND TIME OF LATEST TRANSACTION
control field 20170105102928.0
008 - FIXED-LENGTH DATA ELEMENTS--GENERAL INFORMATION
fixed length control field 131213s2013 xxu eng d
040 ## - CATALOGING SOURCE
Original cataloging agency 0
082 ## - DEWEY DECIMAL CLASSIFICATION NUMBER
Classification number 361.95491
Author Mark KHA 2013
100 1# - MAIN ENTRY--PERSONAL NAME
Personal name Khan, Ehsan Mehmood.
245 10 - TITLE STATEMENT
Title Humen security in pakistan
Medium [electronic resource] /
Statement of responsibility, etc. Ehsan Mehmood Khan.
250 ## - EDITION STATEMENT
Edition statement 1st ed.
260 ## - PUBLICATION, DISTRIBUTION, ETC.
Place of publication, distribution, etc. [S.l.] :
Name of publisher, distributor, etc. Narratives (Pvt) Ltd.,
Date of publication, distribution, etc. 2013.
300 ## - PHYSICAL DESCRIPTION
Extent 1 online resource (371 p.)
500 ## - GENERAL NOTE
General note Kindle eBook.
520 ## - SUMMARY, ETC.
Summary, etc. Traditional state security came under debate soon after the end of the Cold War. An alternative concept of human security grew quickly in academic and policy circles around the world, both horizontally and vertically. Even as debate continues, a number of countries have already taken the lead in implementing a holistic consideration of their socio-security and politico-economic environment. Nevertheless, the concept of human security is neither well understood in Pakistan at conceptual and academic level nor implemented in a coherent form at the policy level. This book presents an objective evaluation of the concept, besides an honest analysis of Pakistan’s human security profile. Thus, it not only contributes to the conceptual debate on human security but analyzes the human security profile of Pakistan for the purpose of offering policy recommendations. The book is expected to interest Pakistani students, scholars, security experts and policy planners, as well as foreign readers desiring to know more about the concept of human security as applied to a specific case, Pakistan. Being a conceptual and academic book, it is recommended for inclusion in curricula at university level for the social sciences disciplines, security, strategy, international relations, political science and history.
856 40 - ELECTRONIC LOCATION AND ACCESS
Materials specified Amazon.com
Uniform Resource Identifier <a href="http://www.amazon.com/exec/obidos/ASIN/B00CIAUFGE/chopaconline-20">http://www.amazon.com/exec/obidos/ASIN/B00CIAUFGE/chopaconline-20</a>
942 ## - ADDED ENTRY ELEMENTS (KOHA)
Source of classification or shelving scheme
Koha item type Book
Holdings
Withdrawn status Lost status Damaged status Not for loan Collection code Permanent Location Current Location Shelving location Date acquired Total Checkouts Full call number Barcode Date last seen Date last checked out Price effective from Koha item type
          Centre for International Peace & Stability (CIPS) Centre for International Peace & Stability (CIPS) General Stacks 10/03/2013 2 361.95491 KHA 2013 CIPS0002461 06/16/2025 05/06/2025 12/13/2013 Book
© 2023 Central Library, National University of Sciences and Technology. All Rights Reserved.